Culture Générale - Série 2538 - Statistiques

Statistiques générales
  • Ce quiz a été pris 132 fois
  • Le résultat moyen est 6 sur 10
Statistiques - réponses
Question Réponse % Correct
Quelle est la seule femme à avoir reçu 2 prix Nobel ? prénom et nom Marie Curie
89%
Quelle est la déesse romaine de la Chasse ? Diane
74%
Quelle est la capitale de l'Azerbaïdjan ? Bakou
73%
Quelle est la 1ère femme à avoir été Premier Ministre en France ? prénom et nom - voir photo Edith Cresson
69%
En quelle année le club de football de l'Olympique de Marseille a-t-il gagné la ligue des champions ? 1993
62%
Dans le roman "Les trois mousquetaires" d'Alexandre Dumas, sous quel nom connait-on mieux le " Chevalier d'Herblay" ? Aramis
56%
Quelle créature légendaire est représenté avec le corps d'un aigle (tête, ailes et serres) greffé sur l'arrière d'un lion (abdomen, pattes et queue), et muni d'oreilles de cheval ? griffon
52%
Quelle est la capitale de la Tanzanie ? Dodoma
48%
Dans quel pays se trouve la ville de Carthagène ? Espagne
37%
Quel prénom peut-on voir inscrit sur un ballon de rugby ? Gilbert
23%
Aucun quiz correspondant
Distribution des résultats
% des personnes avec chaque résultat
Percentile par nombre de réponses
Votre historique - résultats
Vous n’avez pas pris ce quiz